<?xml version="1.0" encoding="UTF-8"?>
<collection xmlns="http://www.loc.gov/MARC21/slim">
    <record>
        <controlfield tag="001">74897</controlfield>
        <controlfield tag="005">20200117211601.0</controlfield>
        <datafield tag="024" ind1="8" ind2=" ">
            <subfield code="2">sideral</subfield>
            <subfield code="a">107223</subfield>
        </datafield>
        <datafield tag="037" ind1=" " ind2=" ">
            <subfield code="a">ART-2018-107223</subfield>
        </datafield>
        <datafield tag="041" ind1=" " ind2=" ">
            <subfield code="a">eng</subfield>
        </datafield>
        <datafield tag="100" ind1=" " ind2=" ">
            <subfield code="a">Camacho, M.</subfield>
        </datafield>
        <datafield tag="245" ind1=" " ind2=" ">
            <subfield code="a">The great recession: The worst ever?</subfield>
        </datafield>
        <datafield tag="260" ind1=" " ind2=" ">
            <subfield code="c">2018</subfield>
        </datafield>
        <datafield tag="506" ind1="0" ind2=" ">
            <subfield code="a">Access copy available to the general public</subfield>
            <subfield code="f">Unrestricted</subfield>
        </datafield>
        <datafield tag="520" ind1="3" ind2=" ">
            <subfield code="a">We develop an international comparative assessment of the Great Recession, in terms of the features that characterize the form of the recession phases, namely length, depth and shape. The potential unobserved heterogeneity in the international recession characteristics is modeled by a finite mixture model. Using Bayesian inference via Gibbs sampling, the model classifies the Great Recession suffered by a large number of countries into different clusters, determin ing its severity in cross section and time series and dimensions. Our results suggest that the business cycle features of the Great Recession are not different from others in an international perspective. By contrast, we show that the only distinctive feature of the Great Recession was its unprecedented degree of synchronicity.</subfield>
        </datafield>
        <datafield tag="536" ind1=" " ind2=" ">
            <subfield code="9">info:eu-repo/grantAgreement/ES/MEC/ECO2014-58991-C3-1-R</subfield>
            <subfield code="9">info:eu-repo/grantAgreement/ES/MEC/ECO2014-58991-C3-2-R</subfield>
            <subfield code="9">info:eu-repo/grantAgreement/ES/MINEIC/ECO2016-76178-P</subfield>
            <subfield code="9">info:eu-repo/grantAgreement/ES/MINEIC/ECO2017-83255-C3-3-P</subfield>
        </datafield>
        <datafield tag="540" ind1=" " ind2=" ">
            <subfield code="9">info:eu-repo/semantics/openAccess</subfield>
            <subfield code="a">by-nc-nd</subfield>
            <subfield code="u">http://creativecommons.org/licenses/by-nc-nd/3.0/es/</subfield>
        </datafield>
        <datafield tag="590" ind1=" " ind2=" ">
            <subfield code="a">0.3</subfield>
            <subfield code="b">2018</subfield>
        </datafield>
        <datafield tag="591" ind1=" " ind2=" ">
            <subfield code="a">ECONOMICS</subfield>
            <subfield code="b">347 / 363 = 0.956</subfield>
            <subfield code="c">2018</subfield>
            <subfield code="d">Q4</subfield>
            <subfield code="e">T3</subfield>
        </datafield>
        <datafield tag="592" ind1=" " ind2=" ">
            <subfield code="a">0.145</subfield>
            <subfield code="b">2018</subfield>
        </datafield>
        <datafield tag="593" ind1=" " ind2=" ">
            <subfield code="a">Economics, Econometrics and Finance (miscellaneous)</subfield>
            <subfield code="c">2018</subfield>
            <subfield code="d">Q4</subfield>
        </datafield>
        <datafield tag="655" ind1=" " ind2="4">
            <subfield code="a">info:eu-repo/semantics/article</subfield>
            <subfield code="v">info:eu-repo/semantics/publishedVersion</subfield>
        </datafield>
        <datafield tag="700" ind1=" " ind2=" ">
            <subfield code="0">(orcid)0000-0001-6609-4247</subfield>
            <subfield code="a">Gadea, M.D.</subfield>
            <subfield code="u">Universidad de Zaragoza</subfield>
        </datafield>
        <datafield tag="700" ind1=" " ind2=" ">
            <subfield code="a">Pérez-Quirós, G.</subfield>
        </datafield>
        <datafield tag="710" ind1="2" ind2=" ">
            <subfield code="1">4008</subfield>
            <subfield code="2">225</subfield>
            <subfield code="a">Universidad de Zaragoza</subfield>
            <subfield code="b">Dpto. Estruc.Hª Econ.y Eco.Pb.</subfield>
            <subfield code="c">Área Economía Aplicada</subfield>
        </datafield>
        <datafield tag="773" ind1=" " ind2=" ">
            <subfield code="g">26, 76 (2018), 73-100</subfield>
            <subfield code="p">Rev. econ. apl.</subfield>
            <subfield code="t">Revista de Economia Aplicada</subfield>
            <subfield code="x">1133-455X</subfield>
        </datafield>
        <datafield tag="856" ind1="4" ind2="1">
            <subfield code="u">http://www.revecap.com/revista/numeros/76/pdf/REVECAP-76-(5).pdf</subfield>
            <subfield code="z">Texto completo de la revista</subfield>
        </datafield>
        <datafield tag="856" ind1="4" ind2=" ">
            <subfield code="s">4828295</subfield>
            <subfield code="u">http://zaguan.unizar.es/record/74897/files/texto_completo.pdf</subfield>
            <subfield code="y">Versión publicada</subfield>
        </datafield>
        <datafield tag="856" ind1="4" ind2=" ">
            <subfield code="s">56210</subfield>
            <subfield code="u">http://zaguan.unizar.es/record/74897/files/texto_completo.jpg?subformat=icon</subfield>
            <subfield code="x">icon</subfield>
            <subfield code="y">Versión publicada</subfield>
        </datafield>
        <datafield tag="909" ind1="C" ind2="O">
            <subfield code="o">oai:zaguan.unizar.es:74897</subfield>
            <subfield code="p">articulos</subfield>
            <subfield code="p">driver</subfield>
        </datafield>
        <datafield tag="951" ind1=" " ind2=" ">
            <subfield code="a">2020-01-17-21:12:40</subfield>
        </datafield>
        <datafield tag="980" ind1=" " ind2=" ">
            <subfield code="a">ARTICLE</subfield>
        </datafield>
    </record>

    
</collection>